[Event "Macedonian League"]
[Site "Struga, hotel"]
[Date "2012.07.21"]
[Round "6"]
[White "Ivanisevic, Ivan"]
[Black "Andreikin, Dmitry"]
[Result "0-1"]
[WhiteElo "2642"]
[BlackElo "2700"]
[PlyCount "112"]
[EventDate "2012.07.16"]
[EventType "team"]
[EventRounds "7"]
[WhiteTeam "BM KISELA VODA, Skopje"]
[BlackTeam "ALKALOID, Skopje"]

1. d4 Nf6 2. c4 e6 3. Nc3 Bb4 4. Qc2 c5 5. dxc5 O-O 6. Nf3 Na6 7. c6 bxc6 8. g3
d5 9. a3 Bxc3+ 10. Qxc3 Ne4 11. Qc2 Qa5+ 12. Bd2 Nxd2 13. Nxd2 dxc4 14. Bg2 c3
15. bxc3 Nc5 16. O-O Ba6 17. Nf3 Qa4 18. Rfc1 Rac8 19. Nd4 Rc7 20. Rab1 Qxc2
21. Rxc2 Rfc8 22. Rb4 e5 23. Nxc6 Rxc6 24. Bxc6 Rxc6 25. Rb8+ Bc8 26. Rd2 Ne6
27. Rd5 g6 28. Rxe5 Rxc3 29. Ra5 Rc7 30. f3 Kg7 31. Kf2 a6 32. Rb6 Nc5 33. Rb4
Be6 34. g4 Kf6 35. h4 Ke7 36. Kg3 Kd6 37. g5 Kc6 38. h5 Rd7 39. h6 Rd5 40. Kh4
Rd2 41. Rb1 Rc2 42. e4 Rc3 43. Kg3 Nxe4+ 44. Kf4 Nc5 45. Rb8 Kc7 46. Rb1 Bf5
47. Rd1 Kb6 48. Rxc5 Rxc5 49. Rd8 Be6 50. Rh8 Rf5+ 51. Kg4 f6 52. Rxh7 Rxg5+
53. Kf4 Rh5 54. Re7 Bf5 55. h7 Kb5 56. Re1 a5 0-1

[Event "Turkish League 2012"]
[Site "?"]
[Date "2012.07.22"]
[Round "13"]
[White "Tiviakov, Sergei"]
[Black "Malakhov, Vladimir"]
[Result "1-0"]
[WhiteElo "2675"]
[BlackElo "2712"]
[PlyCount "99"]
[EventDate "2012.??.??"]

1. e4 e5 2. Nf3 Nc6 3. Bb5 Nf6 4. Qe2 Bd6 5. c3 O-O 6. d3 Re8 7. Bg5 Be7 8.
Nbd2 d6 9. Ba4 h6 10. Bh4 Nd7 11. Bg3 Nc5 12. Bc2 a5 13. O-O Bf6 14. h3 b6 15.
Rfe1 Ba6 16. Qe3 Ne7 17. Rad1 Qc8 18. d4 exd4 19. Nxd4 Bxd4 20. cxd4 Nf5 21.
Qc3 Nxg3 22. Qxg3 Ne6 23. Nf3 Qd8 24. d5 Nc5 25. h4 Qf6 26. Nd4 Re7 27. f4 Rae8
28. Nc6 Rxe4 29. Bxe4 Nxe4 30. Qf3 Qf5 31. g4 Qd7 32. f5 Nc5 33. g5 Kh7 34. f6
gxf6 35. Rxe8 Qxe8 36. gxf6 Be2 37. Qf5+ Kh8 38. Rd4 Qe3+ 39. Qf2 Qc1+ 40. Kh2
Bd3 41. Qg2 Qc2 42. Qxc2 Bxc2 43. Nd8 Kg8 44. Rg4+ Kf8 45. Rg7 Nd7 46. Ne6+
fxe6 47. Rxd7 exd5 48. Rxc7 Bb1 49. a3 d4 50. Rd7 1-0

[Event "Turkish League 2012"]
[Site "?"]
[Date "2012.07.22"]
[Round "13"]
[White "Bologan, Viktor"]
[Black "Mamedov, Nidjat"]
[Result "1-0"]
[WhiteElo "2632"]
[BlackElo "2601"]
[PlyCount "35"]
[EventDate "2012.??.??"]

1. d4 Nf6 2. c4 e6 3. g3 d5 4. Nf3 Bb4+ 5. Bd2 Be7 6. Bg2 O-O 7. O-O c6 8. Qc2
b6 9. Bf4 Ba6 10. b3 Nbd7 11. Rd1 h6 12. Nc3 b5 13. Ne5 Rc8 14. e4 Bb4 15. Nd3
Ba3 16. e5 bxc4 17. bxc4 dxc4 18. Qa4 1-0

[Event "Turkish League 2012"]
[Site "Konya"]
[Date "2012.07.22"]
[Round "13"]
[White "Adams, Michael"]
[Black "Iordachescu, Viorel"]
[Result "0-1"]
[WhiteElo "2723"]
[BlackElo "2636"]
[PlyCount "104"]
[EventDate "2012.??.??"]

1. e4 e5 2. Nf3 Nc6 3. Bb5 a6 4. Ba4 Nge7 5. c3 g6 6. d4 exd4 7. cxd4 b5 8. Bc2
d5 9. exd5 Nxd5 10. O-O Bg7 11. Bg5 Qd6 12. Nc3 O-O 13. Ne4 Qd7 14. Bb3 Na5 15.
Ne5 Qe6 16. Nc5 Qd6 17. Ne4 Qe6 18. Bxd5 Qxd5 19. Nf6+ Bxf6 20. Bxf6 Nc4 21.
Nxc4 bxc4 22. Qc1 Bb7 23. f3 Qf5 24. Be5 Bd5 25. Bxc7 Rac8 26. Bg3 Rfe8 27. Re1
f6 28. h4 Kg7 29. Qc3 g5 30. hxg5 Qxg5 31. Kf2 h5 32. Rxe8 Rxe8 33. Rh1 Kf7 34.
Qc1 Qg6 35. Bf4 Qg5 36. Bg3 Qg6 37. Bf4 Re2+ 38. Kxe2 Qxg2+ 39. Ke1 Qxh1+ 40.
Kd2 Qxf3 41. Ke1 Qe4+ 42. Qe3 Qb1+ 43. Qc1 Qe4+ 44. Qe3 Qxe3+ 45. Bxe3 c3 46.
bxc3 Bxa2 47. Kf2 Ke6 48. Kg3 Kf5 49. Kh4 Ke4 50. Bf2 Bf7 51. c4 Bxc4 52. Kxh5
a5 0-1

[Event "Dortmund Sparkassen"]
[Site "?"]
[Date "2012.07.22"]
[Round "9"]
[White "Bartel, Mateusz"]
[Black "Caruana, Fabiano"]
[Result "0-1"]
[WhiteElo "2674"]
[BlackElo "2775"]
[PlyCount "54"]
[EventDate "2012.??.??"]

1. d4 Nf6 2. c4 g6 3. Nc3 d5 4. cxd5 Nxd5 5. e4 Nxc3 6. bxc3 Bg7 7. Nf3 c5 8.
Rb1 O-O 9. Be2 cxd4 10. cxd4 Qa5+ 11. Qd2 Qxd2+ 12. Bxd2 e6 13. O-O b6 14. Rbc1
Bb7 15. Rc7 Bxe4 16. Ng5 Bd5 17. Bb4 Rd8 18. Bb5 a6 19. Nxf7 axb5 20. Nxd8 Na6
21. Rxg7+ Kxg7 22. Be7 b4 23. Rc1 Bxa2 24. Rc6 b5 25. h4 b3 26. Ba3 Nb4 27.
Nxe6+ Kg8 0-1

[Event "Dortmund Sparkassen"]
[Site "?"]
[Date "2012.07.22"]
[Round "9"]
[White "Karjakin, Sergey"]
[Black "Gustafsson, Jan"]
[Result "1-0"]
[WhiteElo "2779"]
[BlackElo "2629"]
[PlyCount "69"]
[EventDate "2012.??.??"]

1. e4 c6 2. d4 d5 3. Nc3 dxe4 4. Nxe4 Bf5 5. Ng3 Bg6 6. h4 h6 7. Nf3 Nd7 8. h5
Bh7 9. Bd3 Bxd3 10. Qxd3 e6 11. Bd2 Ngf6 12. O-O-O Be7 13. Kb1 O-O 14. Ne4 Nxe4
15. Qxe4 Nf6 16. Qe2 Qd5 17. Be3 Ng4 18. Bc1 Nf6 19. Ne5 Qe4 20. Qf1 c5 21. f3
Qh7 22. dxc5 Bxc5 23. Nd7 Nxd7 24. Rxd7 Rac8 25. g4 Bb6 26. Rh2 f5 27. Qe2 fxg4
28. Qxe6+ Kh8 29. Qxg4 Rce8 30. Rg2 Rg8 31. Bd2 Re5 32. a4 Ba5 33. Qd4 Rxh5 34.
Bxa5 Rxa5 35. Rgxg7 1-0

[Event "Dortmund Sparkassen"]
[Site "?"]
[Date "2012.07.22"]
[Round "9"]
[White "Kramnik, Vladimir"]
[Black "Meier, Georg"]
[Result "1-0"]
[WhiteElo "2799"]
[BlackElo "2644"]
[PlyCount "65"]
[EventDate "2012.??.??"]

1. c4 Nf6 2. Nc3 c5 3. Nf3 e6 4. e3 Nc6 5. d4 d5 6. cxd5 Nxd5 7. Bc4 cxd4 8.
exd4 Be7 9. O-O O-O 10. Re1 Bf6 11. Bb3 Nde7 12. Bf4 Bxd4 13. Nxd4 Nxd4 14. Bc4
Nec6 15. Rc1 Qf6 16. Bc7 e5 17. Nd5 Qg5 18. f4 exf4 19. Bxf4 Qh4 20. Bg3 Qd8
21. Nc7 Rb8 22. Nb5 Ra8 23. Bd6 Re8 24. Bxf7+ Kxf7 25. Qh5+ g6 26. Qxh7+ Kf6
27. Nxd4 Nxd4 28. Qh4+ Kf7 29. Rc7+ Bd7 30. Qh7+ Kf6 31. Rf1+ Ke6 32. Qxg6+ Kd5
33. Rc5# 1-0

[Event "Dortmund Sparkassen"]
[Site "?"]
[Date "2012.07.22"]
[Round "9"]
[White "Naiditsch, Arkadij"]
[Black "Leko, Peter"]
[Result "1/2-1/2"]
[WhiteElo "2700"]
[BlackElo "2730"]
[PlyCount "75"]
[EventDate "2012.??.??"]

1. e4 c6 2. d4 d5 3. e5 Bf5 4. Nf3 e6 5. Be2 Ne7 6. O-O c5 7. c4 Nbc6 8. Na3 a6
9. dxc5 d4 10. Qa4 Ng6 11. Rd1 d3 12. b4 Be7 13. Bxd3 Bxd3 14. Qb3 Ncxe5 15.
Nxe5 Nxe5 16. Bb2 Qc7 17. Bxe5 Qxe5 18. Qxd3 O-O 19. Nc2 a5 20. Re1 Qb2 21. a3
Rfd8 22. Qe4 axb4 23. Rab1 Qf6 24. axb4 Ra2 25. Rf1 Rd2 26. Ne3 Rxf2 27. Qxb7
Qf4 28. Qxe7 Rxg2+ 29. Nxg2 Rxg2+ 30. Kxg2 Qg4+ 31. Kh1 Qe4+ 32. Kg1 Qg4+ 33.
Kf2 Qf4+ 34. Ke2 Qe4+ 35. Kd2 Qd4+ 36. Ke2 Qe4+ 37. Kd2 Qd4+ 38. Ke2 1/2-1/2

[Event "Dortmund Sparkassen"]
[Site "?"]
[Date "2012.07.22"]
[Round "9"]
[White "Ponomariov, Ruslan"]
[Black "Fridman, Daniel"]
[Result "1/2-1/2"]
[WhiteElo "2726"]
[BlackElo "2655"]
[PlyCount "65"]
[EventDate "2012.??.??"]

1. d4 d5 2. c4 e6 3. Nf3 Nf6 4. Nc3 Be7 5. Bg5 h6 6. Bh4 O-O 7. Rc1 b6 8. cxd5
Nxd5 9. Nxd5 exd5 10. Bxe7 Qxe7 11. g3 Ba6 12. e3 Bb7 13. Bg2 c5 14. Ne5 c4 15.
O-O b5 16. b3 Nd7 17. Nxd7 Qxd7 18. bxc4 dxc4 19. d5 b4 20. Rxc4 Ba6 21. Rxb4
Bxf1 22. Bxf1 Rab8 23. Rg4 Rb1 24. Qxb1 Qxg4 25. Qb7 Qa4 26. Bb5 Qxa2 27. d6 a5
28. d7 a4 29. Qb6 Qb1+ 30. Kg2 Qe4+ 31. Kg1 Qb1+ 32. Kg2 Qe4+ 33. Kg1 1/2-1/2

[Event "45th Biel Chess Festival"]
[Site "?"]
[Date "2012.07.23"]
[Round "1"]
[White "Wang, Hao"]
[Black "Bacrot, Etienne"]
[Result "1-0"]
[WhiteElo "2739"]
[BlackElo "2713"]
[PlyCount "71"]
[EventDate "2012.??.??"]

1. d4 Nf6 2. c4 g6 3. Nc3 Bg7 4. e4 d6 5. Nf3 O-O 6. Be2 e5 7. O-O Nc6 8. d5
Ne7 9. b4 Nh5 10. g3 f5 11. Ng5 Nf6 12. Bf3 c6 13. Ba3 cxd5 14. exd5 e4 15. Be2
h6 16. Ne6 Bxe6 17. dxe6 f4 18. Qd2 f3 19. Bd1 Qc8 20. Re1 Qxc4 21. Bb3 Qa6 22.
Bb2 Rad8 23. Nxe4 Nxe4 24. Rxe4 Bxb2 25. Qxb2 d5 26. Re3 Rd6 27. Rae1 Qb6 28.
Bd1 a5 29. b5 Nf5 30. e7 Re8 31. Re5 Qc7 32. Bxf3 Rxe7 33. Rxe7 Nxe7 34. Qe5
Kf8 35. Qh8+ Ng8 36. Re8+ 1-0

[Event "45th Biel Chess Festival"]
[Site "?"]
[Date "2012.07.23"]
[Round "1"]
[White "Morozevich, Alexander"]
[Black "Giri, Anish"]
[Result "0-1"]
[WhiteElo "2770"]
[BlackElo "2696"]
[PlyCount "101"]
[EventDate "2012.??.??"]

1. d4 Nf6 2. c4 g6 3. Nc3 d5 4. Nf3 Bg7 5. Qb3 dxc4 6. Qxc4 O-O 7. e4 Be6 8.
Qb5 Bd7 9. Qc5 b6 10. Qg5 c5 11. dxc5 Bc6 12. Qh4 bxc5 13. Be2 e6 14. Bg5 h6
15. Bxh6 Nxe4 16. Qf4 Nxc3 17. Bxg7 Kxg7 18. bxc3 Qf6 19. Qe3 Nd7 20. O-O Rab8
21. Rfd1 Rfd8 22. h3 Bd5 23. a4 a5 24. Rab1 Bb3 25. Rd6 Bxa4 26. Ra1 Qe7 27.
Ra6 Bb5 28. Bxb5 Rxb5 29. Ra7 Rdb8 30. Ne5 R8b7 31. Rxb7 Rxb7 32. Rxa5 Qd6 33.
f4 Rb1+ 34. Kh2 Nxe5 35. fxe5 Qd1 36. Qf2 Qh1+ 37. Kg3 Rf1 38. Qxc5 Rd1 39. Qe3
Qf1 40. Kh2 Re1 41. Qd2 Qg1+ 42. Kg3 Re3+ 43. Kf4 g5+ 44. Kg4 Kh6 45. Ra4 Rxe5
46. h4 f6 47. Kf3 Qh2 48. hxg5+ fxg5 49. Re4 Rf5+ 50. Ke3 Qg3+ 51. Kd4 0-1

[Event "45th Biel Chess Festival"]
[Site "?"]
[Date "2012.07.24"]
[Round "2"]
[White "Bacrot, Etienne"]
[Black "Morozevich, Alexander"]
[Result "1-0"]
[WhiteElo "2713"]
[BlackElo "2770"]
[PlyCount "49"]
[EventDate "2012.??.??"]

1. d4 d5 2. c4 e6 3. Nc3 c6 4. e4 dxe4 5. Nxe4 Bb4+ 6. Bd2 Qxd4 7. Bxb4 Qxe4+
8. Be2 Na6 9. Bd6 Qxg2 10. Qd2 e5 11. Bxe5 Bf5 12. Bf3 Qg6 13. O-O-O Nc5 14.
Qe3 Bb1 15. Rd2 Bxa2 16. Bd6+ Ne6 17. Be4 Qh6 18. f4 Nf6 19. Nf3 Bxc4 20. Re1
O-O-O 21. Bxc6 Ba6 22. Ng5 Nxg5 23. Bd7+ Kxd7 24. Qe7+ Kc6 25. Qc7+ 1-0

[Event "45th Biel Chess Festival"]
[Site "?"]
[Date "2012.07.24"]
[Round "2"]
[White "Carlsen, Magnus"]
[Black "Wang, Hao"]
[Result "1-0"]
[WhiteElo "2837"]
[BlackElo "2739"]
[PlyCount "69"]
[EventDate "2012.??.??"]

1. d4 Nf6 2. c4 e6 3. Nc3 Bb4 4. Qc2 O-O 5. Nf3 b6 6. e4 c5 7. e5 Ne8 8. d5
exd5 9. cxd5 d6 10. Bg5 f6 11. exf6 Nxf6 12. O-O-O Bxc3 13. bxc3 Bg4 14. Re1
Bxf3 15. gxf3 Nbd7 16. Bd3 h6 17. Bf4 c4 18. Bf5 Nc5 19. Rhg1 Kh8 20. Rg6 Rf7
21. Reg1 Qf8 22. Be3 Nxd5 23. Bd4 Nf6 24. Qd2 Re8 25. Rxg7 Qxg7 26. Rxg7 Kxg7
27. Qf4 Nd3+ 28. Bxd3 cxd3 29. Kd2 Kg6 30. Kxd3 Re6 31. h4 Rfe7 32. h5+ Kf7 33.
Qf5 Re5 34. Qg6+ Ke6 35. f4 1-0

[Event "Wojtaszek - Jobava 2012"]
[Site "?"]
[Date "2012.07.24"]
[Round "1"]
[White "Jobava, Baadur"]
[Black "Wojtaszek, Radoslaw"]
[Result "1-0"]
[WhiteElo "2730"]
[BlackElo "2717"]
[PlyCount "97"]
[EventDate "2012.??.??"]

1. e4 c5 2. Nc3 d6 3. Nge2 Nf6 4. g3 Nc6 5. Bg2 g6 6. O-O Bg7 7. d3 Rb8 8. a4
O-O 9. h3 a6 10. f4 Nd7 11. f5 b5 12. axb5 axb5 13. g4 e6 14. g5 Be5 15. f6 Qb6
16. Kh1 Bb7 17. Nf4 Nd4 18. Nce2 Nxe2 19. Qxe2 Ra8 20. Rb1 c4 21. h4 cxd3 22.
cxd3 Bxf4 23. Bxf4 h5 24. gxh6 Kh7 25. Be3 Qa6 26. d4 b4 27. Qd1 Qb5 28. Bf4
Ra6 29. Rc1 e5 30. Bg3 exd4 31. Qxd4 Ne5 32. Rc7 Qb6 33. Qxb6 Rxb6 34. Ra1 Ra6
35. Rxa6 Bxa6 36. Bf4 b3 37. h5 Bc8 38. hxg6+ Kxg6 39. Rc3 Kxf6 40. Rxb3 Be6
41. Rg3 Ng4 42. Kg1 Rh8 43. Bh3 Nxh6 44. e5+ Ke7 45. exd6+ Kd7 46. Bxe6+ fxe6
47. Rg7+ Kc6 48. Rc7+ Kd5 49. d7 1-0

[Event "Wojtaszek - Jobava 2012"]
[Site "?"]
[Date "2012.07.25"]
[Round "2"]
[White "Wojtaszek, Radoslaw"]
[Black "Jobava, Baadur"]
[Result "1/2-1/2"]
[WhiteElo "2717"]
[BlackElo "2730"]
[PlyCount "56"]
[EventDate "2012.??.??"]

1. d4 Nf6 2. c4 c5 3. d5 g6 4. Nc3 Bg7 5. e4 O-O 6. Nf3 e6 7. Be2 d6 8. O-O
exd5 9. exd5 Re8 10. h3 Bf5 11. Nh4 Bd7 12. Bd3 Ng4 13. Nf3 Ne5 14. Bf4 Na6 15.
Nxe5 Bxe5 16. Qd2 Nb4 17. Bb1 Qh4 18. Bxe5 Rxe5 19. f4 Re7 20. a3 Na6 21. Qf2
Qxf2+ 22. Kxf2 Rae8 23. Bd3 f5 24. Rae1 Rxe1 25. Rxe1 Rxe1 26. Kxe1 Kf7 27. Kf2
Nc7 28. Be2 b6 1/2-1/2

[Event "45th Biel Chess Festival"]
[Site "?"]
[Date "2012.07.25"]
[Round "3"]
[White "Giri, Anish"]
[Black "Bacrot, Etienne"]
[Result "1-0"]
[WhiteElo "2696"]
[BlackElo "2713"]
[PlyCount "73"]
[EventDate "2012.??.??"]

1. d4 Nf6 2. c4 g6 3. Nc3 Bg7 4. e4 d6 5. Nf3 O-O 6. Be2 e5 7. O-O Nc6 8. d5
Ne7 9. b4 Nh5 10. g3 f5 11. Ng5 Nf6 12. f3 f4 13. b5 fxg3 14. hxg3 h6 15. Ne6
Bxe6 16. dxe6 Qc8 17. Nd5 Qxe6 18. Nxc7 Qh3 19. Rf2 Rac8 20. Rh2 Qxg3+ 21. Rg2
Qh3 22. Qxd6 Rf7 23. c5 Nf5 24. exf5 Rfxc7 25. Be3 Qxf5 26. Rf1 Bf8 27. Bd3 e4
28. fxe4 Qxf1+ 29. Bxf1 Bxd6 30. cxd6 Rc3 31. Bd4 Rf3 32. e5 Rf4 33. Bb2 Nh7
34. e6 Ng5 35. Rxg5 hxg5 36. d7 Rg4+ 37. Bg2 1-0

[Event "45th Biel Chess Festival"]
[Site "?"]
[Date "2012.07.26"]
[Round "4"]
[White "Giri, Anish"]
[Black "Wang, Hao"]
[Result "0-1"]
[WhiteElo "2696"]
[BlackElo "2739"]
[PlyCount "114"]
[EventDate "2012.??.??"]

1. d4 Nf6 2. c4 g6 3. Nc3 Bg7 4. e4 d6 5. f3 O-O 6. Be3 Nc6 7. Nge2 a6 8. Qd2
Rb8 9. Rc1 Bd7 10. Nd1 Re8 11. Nf2 b5 12. c5 dxc5 13. Rxc5 e5 14. d5 Ne7 15. g3
c6 16. dxc6 Nxc6 17. Rc1 Rc8 18. Bg2 Be6 19. b3 Qxd2+ 20. Bxd2 Red8 21. Bg5 Nb4
22. Nc3 Rd7 23. Ke2 Rdc7 24. Bd2 Bf8 25. Bh3 Nc6 26. Nd5 Nxd5 27. exd5 Nd4+ 28.
Ke3 Rxc1 29. Rxc1 Rxc1 30. Bxc1 Bxd5 31. Ne4 Bg7 32. g4 f5 33. gxf5 gxf5 34.
Nd2 Kf7 35. Bb2 Kg6 36. Bg2 Ne6 37. Kf2 Kf6 38. a4 Bf8 39. axb5 axb5 40. Bf1
Bb4 41. Nb1 Bc5+ 42. Kg3 Bd4 43. Bxd4 Nxd4 44. Nc3 Bxf3 45. Nxb5 f4+ 46. Kf2
Nxb5 47. Kxf3 Nd4+ 48. Kg4 Nxb3 49. Bd3 h6 50. Bb5 Nd2 51. Bc6 Ke6 52. Bb7 Kd6
53. h4 Kc5 54. Kh5 f3 55. Kxh6 e4 56. h5 f2 57. Ba6 Nc4 0-1

[Event "45th Biel Chess Festival"]
[Site "?"]
[Date "2012.07.26"]
[Round "4"]
[White "Bacrot, Etienne"]
[Black "Carlsen, Magnus"]
[Result "1/2-1/2"]
[WhiteElo "2713"]
[BlackElo "2837"]
[PlyCount "111"]
[EventDate "2012.??.??"]

1. d4 e6 2. c4 Bb4+ 3. Bd2 Bxd2+ 4. Qxd2 d5 5. Nc3 Nf6 6. Nf3 O-O 7. e3 Qe7 8.
Rc1 Rd8 9. cxd5 exd5 10. Bd3 Nc6 11. Bb5 Rd6 12. Bxc6 Rxc6 13. Ne5 Re6 14. f3
b6 15. O-O Bb7 16. Rfe1 h6 17. Ne2 c5 18. Nf4 Rd6 19. dxc5 bxc5 20. Ned3 c4 21.
Nb4 Rad8 22. Nc2 Nd7 23. Nd4 Ne5 24. Rc3 Ra6 25. b3 Rb6 26. Rd1 Re8 27. Nc2 Qf6
28. Ne1 a5 29. Qd4 Rb5 30. Nh5 Qg5 31. Ng3 Nc6 32. Qf4 Qxf4 33. exf4 Nb4 34.
bxc4 dxc4 35. Rxc4 Nxa2 36. Ne4 Bd5 37. Rc5 Rxc5 38. Nxc5 Nc3 39. Ra1 a4 40.
Ned3 Bb3 41. Ra3 Nb5 42. Ra1 Nd4 43. Nb2 a3 44. Nbd3 Ra8 45. Nxb3 Nxb3 46. Ra2
Rd8 47. Ne1 Rd1 48. Kf2 Ra1 49. Rxa1 Nxa1 50. Ke2 a2 51. Kd3 Nb3 52. Nc2 f5 53.
Kc3 Nc1 54. Kd2 Nb3+ 55. Kc3 Nc1 56. Kd2 1/2-1/2

[Event "Wojtaszek - Jobava 2012"]
[Site "?"]
[Date "2012.07.27"]
[Round "4"]
[White "Wojtaszek, Radoslaw"]
[Black "Jobava, Baadur"]
[Result "1/2-1/2"]
[WhiteElo "2717"]
[BlackElo "2730"]
[PlyCount "111"]
[EventDate "2012.??.??"]

1. d4 Nf6 2. c4 c5 3. d5 g6 4. Nc3 Bg7 5. e4 O-O 6. Bd3 e6 7. Nf3 exd5 8. cxd5
d6 9. h3 Re8 10. O-O Nbd7 11. Bf4 c4 12. Bc2 Nc5 13. Re1 b5 14. e5 dxe5 15.
Bxe5 a6 16. Qd2 Bb7 17. Rad1 b4 18. Na4 Qa5 19. Nxc5 Qxc5 20. Ba4 Red8 21. Bd4
Qc7 22. Bc6 Bxc6 23. dxc6 Qxc6 24. Qxb4 Nd5 25. Qa5 Qb5 26. Qxb5 axb5 27. Bxg7
Kxg7 28. Re5 c3 29. bxc3 Nxc3 30. Rxd8 Rxd8 31. a3 Ra8 32. Re7 Rxa3 33. Rb7
Ra1+ 34. Kh2 Rf1 35. Nd4 Rxf2 36. Nxb5 Rb2 37. Nd6 Rxb7 38. Nxb7 Kf6 39. Kg3
Ke5 40. Kf3 Kd5 41. h4 Ne4 42. Kf4 h6 43. Na5 Nc5 44. Ke3 h5 45. g3 f6 46. Kf4
Ne6+ 47. Ke3 Nd4 48. Kf4 Kc5 49. Ke4 Nf5 50. Kf4 Kb4 51. Nc6+ Kb5 52. Nb8 Ne7
53. Nd7 Nd5+ 54. Ke4 Kc6 55. Nf8 Ne7 56. Nh7 1/2-1/2

[Event "45th Biel Chess Festival"]
[Site "?"]
[Date "2012.07.27"]
[Round "5"]
[White "Carlsen, Magnus"]
[Black "Giri, Anish"]
[Result "1/2-1/2"]
[WhiteElo "2837"]
[BlackElo "2696"]
[PlyCount "97"]
[EventDate "2012.??.??"]

1. e4 e5 2. Nf3 Nf6 3. Nxe5 d6 4. Nf3 Nxe4 5. d3 Nf6 6. d4 d5 7. Bd3 Bd6 8. O-O
O-O 9. h3 h6 10. c4 dxc4 11. Bxc4 Nc6 12. Nc3 a6 13. Re1 Re8 14. Be3 b5 15. Bf1
Bb7 16. Rc1 Ne7 17. Ne5 Ned5 18. Nxd5 Nxd5 19. Bd2 Qf6 20. Qh5 c5 21. a4 c4 22.
Re4 Bxe5 23. dxe5 Qg6 24. Qh4 Nf6 25. Ree1 Ne4 26. Bc3 Rad8 27. axb5 axb5 28.
Bb4 Nd2 29. Qg4 Qxg4 30. hxg4 Nb3 31. Rb1 Bc8 32. f3 Rd5 33. Rbd1 Red8 34. Bd6
Rxd1 35. Rxd1 Be6 36. Be2 f6 37. exf6 gxf6 38. Bf4 Rxd1+ 39. Bxd1 Kg7 40. Be3
Bf7 41. f4 Bd5 42. Kf2 b4 43. Bc2 c3 44. bxc3 bxc3 45. Bf5 Nd2 46. Bd4 Ne4+ 47.
Kg1 Kf7 48. Bxe4 Bxe4 49. Bxc3 1/2-1/2

[Event "45th Biel Chess Festival"]
[Site "?"]
[Date "2012.07.27"]
[Round "5"]
[White "Wang, Hao"]
[Black "Bologan, Viktor"]
[Result "1-0"]
[WhiteElo "2739"]
[BlackElo "2732"]
[PlyCount "93"]
[EventDate "2012.??.??"]

1. d4 Nf6 2. c4 c5 3. d5 b5 4. cxb5 a6 5. bxa6 g6 6. Nc3 Bxa6 7. g3 d6 8. Nf3
Bg7 9. Bg2 O-O 10. Rb1 Bc8 11. Nd2 Bf5 12. e4 Bc8 13. O-O Ba6 14. Re1 Nfd7 15.
Nf3 Bc4 16. Bf4 Nb6 17. e5 Bxa2 18. Ra1 Bxd5 19. Nxd5 Rxa1 20. Nxe7+ Qxe7 21.
Qxa1 d5 22. e6 fxe6 23. Bh3 e5 24. Nxe5 Qf6 25. Qa7 Kh8 26. Re2 Nc6 27. Nxc6
Qxc6 28. Re6 Qa4 29. Qxb6 Qd1+ 30. Bf1 Rxf4 31. Qxc5 Bd4 32. Qc8+ Kg7 33. Re7+
Rf7 34. Rxf7+ Kxf7 35. Qb7+ Ke6 36. Qxh7 Qb1 37. b4 Kd6 38. Qh6 Qf5 39. Qd2 Qe5
40. b5 g5 41. Qc2 Qe4 42. Qd2 Qg4 43. Bg2 Kc5 44. Qc2+ Kxb5 45. Qb3+ Ka6 46.
Qd3+ Kb6 47. h3 1-0

[Event "45th Biel Chess Festival"]
[Site "?"]
[Date "2012.07.28"]
[Round "6"]
[White "Giri, Anish"]
[Black "Bologan, Viktor"]
[Result "1-0"]
[WhiteElo "2696"]
[BlackElo "2732"]
[PlyCount "183"]
[EventDate "2012.??.??"]

1. d4 Nf6 2. Nf3 g6 3. c4 c5 4. g3 cxd4 5. Nxd4 d5 6. Bg2 e5 7. Nf3 Bb4+ 8.
Nbd2 e4 9. Nd4 O-O 10. Nc2 Be7 11. O-O Be6 12. b3 Nc6 13. Bb2 dxc4 14. bxc4 Qb6
15. Rb1 Qa6 16. Bxf6 Bxf6 17. Nxe4 Bg7 18. Nc5 Qxc4 19. Nxb7 Qc3 20. Rc1 Ne7
21. Ne3 Qe5 22. Nc4 Qf6 23. Qa4 Rab8 24. Nc5 Nc8 25. Qa6 Re8 26. e3 Qe7 27.
Nxe6 Qxe6 28. Qxe6 Rxe6 29. Rb1 Rxb1 30. Rxb1 Nb6 31. Nd2 Rd6 32. Ne4 Rc6 33.
Rd1 Bf8 34. h4 Kg7 35. Bf3 Rc2 36. Rd2 Rc1+ 37. Rd1 Rc2 38. Rd2 Rc1+ 39. Kg2
Bb4 40. Rb2 a5 41. Nd2 Rc3 42. Nb3 Nc4 43. Re2 a4 44. Nd4 Bc5 45. Nc6 a3 46.
Be4 f5 47. Bd5 Nb2 48. Ne5 Bb4 49. Nf3 Rc5 50. e4 fxe4 51. Rxe4 Rb5 52. Bb3 Rb7
53. Nd4 Nd3 54. Bc4 Nc5 55. Re3 Nd7 56. Ne6+ Kh8 57. Rd3 Be7 58. Re3 Nf6 59.
Bb3 Bb4 60. Re2 Rb8 61. Rc2 Bd6 62. Rc6 Be5 63. Ra6 Bb2 64. Ra7 Ne4 65. Rc7 Be5
66. Re7 Bf6 67. Ra7 Bb2 68. f3 Nc3 69. Kh3 h6 70. Bc4 Rc8 71. Bb3 Rb8 72. Nc5
Nb5 73. Rd7 Nd4 74. Bd5 Nf5 75. Nd3 Ne3 76. Be4 Rb6 77. Nf4 g5 78. Nh5 Kg8 79.
Rd3 Bc1 80. Rc3 Bd2 81. Rxa3 Rb2 82. Bg6 Rb8 83. Rd3 Bc1 84. Rc3 Bd2 85. Rc7
Rf8 86. Be4 gxh4 87. Kxh4 Nf5+ 88. Kg4 Nd6 89. Bd5+ Kh8 90. f4 Nf5 91. Be4 Ba5
92. Rc6 1-0

[Event "45th Biel Chess Festival"]
[Site "?"]
[Date "2012.07.28"]
[Round "6"]
[White "Bacrot, Etienne"]
[Black "Wang, Hao"]
[Result "1/2-1/2"]
[WhiteElo "2713"]
[BlackElo "2739"]
[PlyCount "65"]
[EventDate "2012.??.??"]

1. d4 Nf6 2. c4 g6 3. Nc3 d5 4. Nf3 Bg7 5. Qa4+ Bd7 6. Qb3 dxc4 7. Qxc4 O-O 8.
Bf4 Bc6 9. e3 Nd5 10. Bg3 Nxc3 11. bxc3 Nd7 12. Be2 e6 13. O-O Bd5 14. Qd3 c5
15. e4 Bc6 16. d5 exd5 17. exd5 Ba4 18. Rab1 b5 19. Bd1 c4 20. Qd2 Bxd1 21.
Rfxd1 Nc5 22. Be5 Nd3 23. Bxg7 Kxg7 24. Ne1 Qxd5 25. Nxd3 cxd3 26. Qxd3 Qxd3
27. Rxd3 Rfd8 28. Rxd8 Rxd8 29. Kf1 Rd2 30. a4 bxa4 31. Ra1 Rc2 32. Rxa4 Rxc3
33. Rxa7 1/2-1/2

[Event "81st Ukrainian Chess Championship"]
[Site "Kiev"]
[Date "2012.07.27"]
[Round "1"]
[White "Ponomariov, Ruslan"]
[Black "Eljanov, Pavel"]
[Result "1/2-1/2"]
[WhiteElo "2726"]
[BlackElo "2693"]
[Annotator "Robot 3"]
[PlyCount "60"]
[EventDate "2012.??.??"]
[EventCountry "UKR"]

1. e4 c5 2. Nf3 e6 3. Nc3 Nc6 4. d4 cxd4 5. Nxd4 Nf6 6. Be2 Bb4 7. O-O Bxc3 8.
bxc3 Nxe4 9. Bf3 d5 10. Bxe4 dxe4 11. Ba3 Nxd4 12. cxd4 Qa5 13. Qc1 f6 14. Re1
Bd7 15. Rxe4 Kf7 16. c4 Rhe8 17. Re3 Rac8 18. Qc2 Kg8 19. Rb1 Bc6 20. Bc5 Ba4
21. Qb2 b6 22. Bb4 Qf5 23. Rc1 Bc6 24. h3 b5 25. cxb5 Qxb5 26. Rc5 Qb7 27. Rec3
Bd5 28. Rxc8 Rxc8 29. Rxc8+ Qxc8 30. Bc5 a6 1/2-1/2

[Event "81st Ukrainian Chess Championship"]
[Site "Kiev"]
[Date "2012.07.27"]
[Round "1"]
[White "Miroshnichenko, Evgenij"]
[Black "Moiseenko, Alexander"]
[Result "0-1"]
[WhiteElo "2632"]
[BlackElo "2706"]
[PlyCount "76"]
[EventDate "2012.??.??"]
[EventCountry "UKR"]

1. Nf3 Nf6 2. c4 e6 3. g3 d5 4. b3 Be7 5. Bg2 O-O 6. O-O a5 7. Nc3 d4 8. Nb5 c5
9. e3 Nc6 10. exd4 cxd4 11. Re1 Nd7 12. d3 e5 13. a3 Kh8 14. Ra2 f6 15. Nh4 f5
16. Nf3 Bf6 17. Rae2 Ra6 18. Bb2 g5 19. h3 g4 20. hxg4 fxg4 21. Nd2 Nc5 22. Ne4
Nxe4 23. Bxe4 Bg7 24. Kg2 Bf5 25. Bxf5 Rxf5 26. Re4 Qf6 27. Rf1 Ra8 28. Qxg4
Rf8 29. f3 Bh6 30. Nc7 Ne7 31. Nd5 Nxd5 32. cxd5 Qf7 33. Qh3 Rxf3 34. Rxf3
Qxf3+ 35. Kh2 Qxd3 36. Qg2 Be3 37. Kh3 Rf2 38. Qh1 Rf1 0-1

[Event "81st Ukrainian Chess Championship"]
[Site "Kiev"]
[Date "2012.07.27"]
[Round "1"]
[White "Vovk, Yuri"]
[Black "Volokitin, Andrei"]
[Result "0-1"]
[WhiteElo "2584"]
[BlackElo "2704"]
[PlyCount "80"]
[EventDate "2012.??.??"]
[EventCountry "UKR"]

1. d4 Nf6 2. c4 g6 3. Nc3 d5 4. cxd5 Nxd5 5. e4 Nxc3 6. bxc3 Bg7 7. Bc4 c5 8.
Ne2 Nc6 9. Be3 O-O 10. O-O Na5 11. Bd3 b6 12. Rc1 e6 13. Qd2 Bb7 14. Bg5 Qd6
15. e5 Qd7 16. Qe3 Rac8 17. Ng3 cxd4 18. cxd4 Rxc1 19. Rxc1 Nc6 20. Be4 Rc8 21.
h4 Nb4 22. Rxc8+ Qxc8 23. Bf6 Bxe4 24. Bxg7 Kxg7 25. Nxe4 Nd5 26. Nd6 Qc3 27.
Qxc3 Nxc3 28. Nc8 a5 29. Nxb6 Nxa2 30. Kf1 Nc3 31. Nc4 a4 32. Na3 Kh6 33. g4
Kg7 34. Ke1 h5 35. Kd2 g5 36. hxg5 h4 37. Ke1 h3 38. Kf1 Kg6 39. f4 Nd5 40. Kf2
Nxf4 0-1